000 00220nam a2200097Ia 4500
008 240331s9999 xx 000 0 und d
082 _bFRE
100 _aFreire, P
245 0 _aVimarsana vizhipunarvukkana kalvi
942 _cL
999 _c3587
_d3587